000 01676nam a2200277Ia 4500
008 130821s1839 fr a gr spa
040 _aCo-BoUCM
_bspa
041 0 _afre
092 _aE14N014
100 1 _aPinaud, Augusto
245 1 0 _aProgramme d'un cours élémentaire de physique
_bà l'usage des aspirants au baccalauréat ès-sciences et ès lettres, et des établissements universitaires
246 1 3 _a[Programa para un curso elemental de física
_bpara uso de quienes aspiran al bachillerato en ciencias y en letras y también para uso en las universidades]
260 _aToulouse [Tolosa] (Francia)
_bMartegoute et compe, succrs de Vieusseux [Martegoute y Compañía, sucesores de Vieusseux
_c1839
300 _avii, [2], 400 páginas, [5] h. pleg
_bilustraciones
500 _aDetalles físicos: Encuadernación rígida de calidad, cartón forrado en papel jaspeado. Lomo de piel, con adornos y letras en dorado. Guardas. Anteportada. Portada impresa a una sola tinta, sencilla en distintos tipos de letra. Texto muy bien impr
504 _aIncluye índice.
505 0 _aIntroducción. ; Nociones generales sobre la materia y los agentes (capítulos 1 a 3). ; Libro primero (capítulos 4 a 10): El peso. ; Leyes de de la caída de los cuerpos. ; El péndulo. ; Pesas y balanzas. ; Hidrostática. ; Los gases. ; Hidrodinámi
506 _aConsulta en sala.
546 _aTexto en francés.
650 _aCiencias naturales
_910813
650 _aFísica
_xObras anteriores a 1900
_915907
650 _aFísica
_ySiglo XIX
_915907
710 2 _aMartegoute y Compañía
_eimp.
942 _cLIBRO
_a25
_e1
_2DEWEY
_h530
999 _c75650
_d75650